Meilleur defense spe de la 1g - Statistiques

Statistiques générales
  • Ce quiz a été pris 8 fois
  • Le résultat moyen est 16 sur 25
Statistiques - réponses
Hint Réponse % Correct
125 artikodin
100%
100 florizarre
100%
115 hypnomade
100%
100 mew
100%
110 pyroli
100%
105 tortank
100%
100 dracolosse
67%
100 feunard
67%
100 grotadmorv
67%
110 kicklee
67%
105 leveinard
67%
100 leviator
67%
120 m.mime
67%
110 ronflex
67%
100 tentacool
67%
120 tentacruel
67%
110 tygnon
67%
105 mega alakazam
33%
115 mega dracaufeu y
33%
120 mega florizarre
33%
100 mega kangourex
33%
130 mega leviator
33%
100 mega mewtwo x
33%
120 mega mewtwo y
33%
115 mega tortank
33%
Aucun quiz correspondant
Distribution des résultats
% des personnes avec chaque résultat
Percentile par nombre de réponses
Votre historique - résultats
Vous n’avez pas pris ce quiz